| 000 | 00912nas a2200301 4500 | ||
|---|---|---|---|
| 001 | BR2011003465 | ||
| 003 | BR-BrBNA | ||
| 005 | 20231205115032.0 | ||
| 007 | ta | ||
| 008 | 230509b bl.|||p| |||| 00| 00por d | ||
| 040 |
_aBR-BrBNA _bpor _cBiblioteca Nacional de Agricultura |
||
| 041 | _a(En) | ||
| 072 | _aL10 | ||
| 100 | 1 | _aSilva, F.F. e | |
| 100 | 1 | _aSafadi, T. | |
| 100 | 1 | _aMuniz, J. | |
| 100 | 1 | _aRosa, G.J.M. | |
| 100 | 1 | _aAquino, L.H. de | |
| 100 | 1 | _aMourão, G.B. | |
| 100 | 1 | _aSilva, C.H.O. | |
| 245 | 1 | _aBayesian analysis of autoregressive panel data model: application in genetic evaluation of beef cattle | |
| 650 | _aGADO DE CORTE | ||
| 650 | _aMODELO MATEMÁTICO | ||
| 650 | _aGENÉTICA ANIMAL | ||
| 773 | 0 |
_tScientia Agricola (Brazil) _xISSN 0103-9016 _g(Mar-Apr 2011), v. 68(2) p. 237-245 _wBR2011003465 |
|
| 909 |
_a202311 _bLúcia _c55 _dLúcia Elande |
||
| 942 |
_2AGRIS _n0 _cANA |
||
| 999 |
_c211765 _d211765 |
||